Người lái xe ô tô phải biết Dùng cho dạy và học lái xe ôtô
Nội dung sách giới thiệu những kiến thức về an toàn giao thông không chỉ cho người lái xe ô tô mà cả những người tham gia giao thông đường bộ.
Gardado en:
| Autor Principal: | |
|---|---|
| Formato: | Libro |
| Idioma: | Undetermined |
| Publicado: |
Hà Nội
Giao thông Vận tải
2013
|
| Những chủ đề: | |
| Các nhãn: |
Engadir etiqueta
Sen Etiquetas, Sexa o primeiro en etiquetar este rexistro!
|
| Thư viện lưu trữ: | Trung tâm Học liệu Trường Đại học Cần Thơ |
|---|
| LEADER | 00885nam a2200217Ia 4500 | ||
|---|---|---|---|
| 001 | CTU_196926 | ||
| 008 | 210402s9999 xx 000 0 und d | ||
| 020 | |c 80000 | ||
| 082 | |a 343.597094 | ||
| 082 | |b Ngh300 | ||
| 100 | |a Phạm, Gia Nghi | ||
| 245 | 0 | |a Người lái xe ô tô phải biết | |
| 245 | 0 | |b Dùng cho dạy và học lái xe ôtô | |
| 245 | 0 | |c Phạm Gia Nghi | |
| 260 | |a Hà Nội | ||
| 260 | |b Giao thông Vận tải | ||
| 260 | |c 2013 | ||
| 520 | |a Nội dung sách giới thiệu những kiến thức về an toàn giao thông không chỉ cho người lái xe ô tô mà cả những người tham gia giao thông đường bộ. | ||
| 650 | |a Traffic laws of motorcycle,Luật giao thông của xe hai bánh | ||
| 904 | |i Tuyến | ||
| 980 | |a Trung tâm Học liệu Trường Đại học Cần Thơ | ||